000 00723nam a2200229Ia 4500
005 20220617104928.0
008 210716s2005 xx 000 0 und d
020 _a1555583237
040 _cAIMIT LIBRARY
041 _aeng
082 _a005.7402
_21
_bPOWG
100 _aPowell, Gavin.
_943626
245 _aOracle SQL :
_bJumpstart with examples /
_cBy Gavin Powell and Carol McCullough-Dieter.
250 _a1st ed.
260 _aSingapore :
_bElsevier Digital Press ,
_c2005.
300 _axxix, 652p. ;
_c23 cm.
650 _aFiltering rows
_943627
650 _aSorting rows
_943628
650 _aJoining tables
_943629
700 _aMccullough dieter, Carol.
_943630
942 _2ddc
_cBK
_e1st ed.
_k005.7402 POWG
999 _c189458
_d189458